000
00289nam a22001337a 4500
008
170615b xxu||||| |||| 00| 0 eng d
020
_a
9780816641581
041
_a
eng
080
_a
32
100
_a
19
101
_a
SHP
245
_a
AN ALLIANCE OF WOMEN
_c
MERRILL, H
942
_2
udc
_c
BK
999
_c
17450
_d
17450